| 000 -ლიდერი |
| ფიქსირებული სიგრძის საკონტროლო ველი |
01198nam a2200205Ia 4500 |
| 001 - საკონტროლო ნომერი |
| საკონტროლო ველი |
6242 |
| 003 - საკონტროლო ნომრის იდენტიფიკატორი |
| საკონტროლო ველი |
GE_BSU |
| 005 - ბოლო ოპერაციის თარიღი და დრო |
| საკონტროლო ველი |
20190607205657.0 |
| 008 - ფიქსირებული სიგრძის მონაცემთა ელემენტები - ზოგადი ინფორმაცია |
| ფიქსირებული სიგრძის საკონტროლო ველი |
181216s1982||||ge |||||||||||||| ||geo|| |
| 040 ## - კატალოგიზაციის წყარო |
| Transcribing agency |
GE_BSU |
| 041 ## - ენის კოდი |
| Language code of text/sound track or separate title |
geo |
| 080 ## - უნივერსალური ათობითი კლასიფიკაციის ინდექსი |
| Universal Decimal Classification number |
621.22(075.8)+621.224 თ-95 |
| 100 ## - მთავარი ჩანაწერი - პიროვნების სახელი |
| Personal name |
თხინვალელი, გ. |
| 9 (RLIN) |
2302 |
| 245 ## - ცნობა სათაურის შესახებ |
| Title |
ჰიდრავლიკური მანქანები. ნაწილი II : ტუმბოები და შექცევადი ჰოდრომანქანები : |
| Remainder of title |
სახელმძღვანელო პოლიტექნ. ინ-ტის სტუდენტებისათვის / |
| Statement of responsibility, etc |
გ. თხინვალელი, ; რედ : ჩ. გურგენიძე. |
| 264 ## - წარმოების, გამოცემის, დისტრიბუციის და სხვა ცნობები |
| გამოცემის, წარმოების, დისტრიბუციის... ადგილი |
თბილისი : |
| გამოცემის, წარმოების, დისტრიბუციის... სახელწოდება |
განათლება, |
| გამოცემის, წარმოების, დისტრიბუციის... თარიღი |
1982. |
| 300 ## - ფიზიკური აღწერა |
| Extent |
110 გვ .: |
| Other physical details |
ილ. |
| Dimensions |
22სმ; |
| Accompanying material |
ცხრ. |
| 653 ## - INDEX TERM--UNCONTROLLED |
| Uncontrolled term |
ჰიდრავლიკური მანქანები. ტუმბოები და შექცევადი ჰოდრომანქანები |
| 700 ## - ADDED ENTRY--PERSONAL NAME |
| Personal name |
გურგენიძე., ჩ |
| Relator term |
რედაქტორი |
| 9 (RLIN) |
2304 |
| 942 ## - ADDED ENTRY ELEMENTS (KOHA) |
| Koha item type |
წიგნი |
| Source of classification or shelving scheme |
|